000
00244nam a2200097Ia 4500
001
659123
005
20250826154649.0
008
250824s9999 xx 000 0 und d
245
0
_a
Alamut Fedailerin Kalesi
_c
Vladimir Bartol
260
_b
KORİDOR
999
_c
659123
_d
659123